000
00308nam a2200133Ia 4500
100
_a
Riley/ K.F./ Hobson/M.P.
942
_c
BK
654
_a
mathematics
245
_a
Mathematical Method for Physics & Engg
260
_b
Cambridge
_c
1998
082
_a
519
_b
RIL/HOB
300
_a
1008
546
_a
ENGLISH
999
_c
18627
_d
18627